000 00611nam a22001937a 4500
999 _c172749
_d172749
005 20200212124412.0
010 _aENG-127707
020 _c1395.00
_a9789353882440
035 _aEN-111239
037 _bDBAD/PUB
082 _a324.954052
245 _aIndia's 2019 Elections:
_cedited by Paul Wallace
_bthe Hindutva wave and Indian Nationalism/
260 _aNew Delhi
_c2020
_bSage
270 _aB1/1-1 Mohan Cooperative Industrial Area Mathura Road
_e110044
_bNew Delhi
300 _axvii;400p.
_b22cm(hb)
500 _a
700 _aWallace,Paul
942 _2ddc
_cEN
_h324.954052
_mIND